000 01046nac a22003017a 4500
001 BR8003536
003 BR-BrBNA
005 20240105114718.0
008 230509b bl.|||m| |||| 00| 0 por d
040 _aBR-BrBNA
_bpor
_cBiblioteca Nacional de Agricultura
072 _aC00; N20; H10
090 _a4630 BR8003536
110 1 _aProjed - Sistemas e Administracao de Projetos Ltda., Porto Alegre, RS (Brasil);
_98058
110 1 _aAbril S.A. Cultural e Industrial, Sao Paulo, SP (Brasil)
_912
245 1 _aTratos culturais: pulverizacao e polvilhamento manuais [Controle quimico; Polvilhador; Pulverizador; Treinamento; Brasil]
260 3 _aSao Paulo, SP (Brasil):
_c1980.
300 _a24 p.
490 _aAcao Movel - Treinamento Profissional (Brazil)
_v
_x
500 _a26 illus.
650 _aPOLVILHADOR
650 _aPULVERIZADOR
650 _aTREINAMENTO
650 _aCONTROLE QUIMICO
650 _aPOLVILHAMENTO
650 _aPULVERIZACAO
909 _a202312
_bLúcia Elande
_c55
_dLúcia Elande
942 _2AGRIS
_n0
_cMS
999 _c270888
_d270888